[Event "Titled Tuesday intern op 02nd Apr Early"]
[Site "Chess.com INT"]
[Date "2024.04.02"]
[Round "5"]
[White "Savitha Shri, B."]
[Black "Djokic, Mihailo"]
[Result "1-0"]
[WhiteElo "2363"]
[BlackElo "2139"]
[PlyCount "91"]
[EventDate "2024.04.02"]
[EventType "swiss (blitz)"]
[EventRounds "11"]
[EventCountry "USA"]
[SourceTitle "CB15_2024"]
[SourceDate "2024.04.10"]
[SourceVersion "1"]
[SourceVersionDate "2024.04.10"]
[SourceQuality "1"]

1. Nf3 Nf6 2. g3 g6 3. Bg2 Bg7 4. Nc3 0-0 5. b3 d6 6. Bb2 e5 7. 0-0 Re8 8. e4 Nbd7 9. Re1 c6 10. a4 a5 11. d4 Qc7 12. dxe5 dxe5 13. Qe2 b6 14. Rad1 Ba6 15. Qd2 Rad8 16. Qd6 Qc8 17. Qa3 Bf8 18. Qa1 Bb4 19. Ba3 Nc5 20. Rxd8 Qxd8 21. Bxb4 axb4 22. Na2 Ncxe4 23. Nxb4 Bb7 24. Nxe5 Qd2 25. Bxe4 Qxb4 26. Nd3 Qd6 27. Bf3 Rd8 28. Qe5 Kf8 29. Qe3 Kg7 30. Qxb6 Ba8 31. a5 Rb8 32. Qe3 Re8 33. Qd2 Rb8 34. a6 c5 35. a7 Rc8 36. Bxa8 Rxa8 37. Ra1 c4 38. bxc4 Qd4 39. Qa5 Ne4 40. Qe5+ Qxe5 41. Nxe5 Nc5 42. Nc6 Kf6 43. Rb1 Nd7 44. Rb7 Ke6 45. c5 h5 46. Nd4+ 1-0

[Event "Titled Tuesday intern op 02nd Apr Early"]
[Site "Chess.com INT"]
[Date "2024.04.02"]
[Round "2"]
[White "Savitha Shri, B."]
[Black "Player, Edmund C"]
[Result "0-1"]
[WhiteElo "2363"]
[BlackElo "2199"]
[PlyCount "44"]
[EventDate "2024.04.02"]
[EventType "swiss (blitz)"]
[EventRounds "11"]
[EventCountry "USA"]
[SourceTitle "CB15_2024"]
[SourceDate "2024.04.10"]
[SourceVersion "1"]
[SourceVersionDate "2024.04.10"]
[SourceQuality "1"]

1. e4 c6 2. d4 d5 3. Nc3 dxe4 4. Nxe4 Bf5 5. Ng3 Bg6 6. h4 h6 7. Nh3 Nf6 8. Nf4 Bh7 9. c3 e6 10. Bd3 Bxd3 11. Qxd3 Bd6 12. Nfh5 Nxh5 13. Nxh5 0-0 14. g4 e5 15. g5 exd4 16. gxh6 Re8+ 17. Kf1 g6 18. Rg1 Qxh4 19. Rxg6+ Kh8 20. Be3 dxe3 21. Rf6 Qh3+ 22. Ke2 Qxh5+ 0-1

[Event "Swiss Queens Wed #9"]
[Site "FIDE Online Arena INT"]
[Date "2024.03.27"]
[Round "11"]
[White "Kosteniuk, Alexandra"]
[Black "Savitha Shri, B."]
[Result "0-1"]
[WhiteElo "2501"]
[BlackElo "2363"]
[PlyCount "94"]
[EventDate "2024.03.27"]
[EventType "swiss (blitz)"]
[EventRounds "11"]
[EventCountry "NET"]
[SourceTitle "CB14_2024"]
[SourceDate "2024.04.01"]
[SourceVersion "1"]
[SourceVersionDate "2024.04.01"]
[SourceQuality "1"]

1. e4 c5 2. d4 cxd4 3. c3 dxc3 4. Nxc3 Nc6 5. Nf3 d6 6. Bc4 e6 7. 0-0 Nf6 8. Qe2 a6 9. Rd1 Qc7 10. Bf4 Ne5 11. Bb3 Bd7 12. Rac1 Qa5 13. Nd4 Be7 14. Bg3 0-0 15. f4 Nc6 16. Nf3 Nh5 17. e5 Nxg3 18. hxg3 d5 19. g4 Qb6+ 20. Kh2 Na5 21. Bc2 Nc4 22. Rd4 Qxb2 23. Qd3 g6 24. Rb1 Qa3 25. Rxb7 Rad8 26. f5 Bc5 27. f6 Bxd4 28. Qxd4 Qc1 29. Bd3 Qe3 30. Bxc4 Qxd4 31. Nxd4 dxc4 32. Rc7 Bb5 33. Ndxb5 axb5 34. Nxb5 Rd5 35. Nd6 Rxe5 36. Rxc4 Re2 37. a4 Ra2 38. Nb5 Ra8 39. Nc3 Ra3 40. g5 h6 41. gxh6 Kh7 42. Rc7 Kxh6 43. Nb5 R3xa4 44. Rxf7 Rd8 45. Nc7 Re4 46. Re7 Rf8 47. Nxe6 Rxf6 0-1

[Event "Swiss Queens Wed #8"]
[Site "FIDE Online Arena INT"]
[Date "2024.03.20"]
[Round "6"]
[White "Gunina, Valentina"]
[Black "Savitha Shri, B."]
[Result "1-0"]
[WhiteElo "2437"]
[BlackElo "2363"]
[PlyCount "93"]
[EventDate "2024.03.20"]
[EventType "swiss (blitz)"]
[EventRounds "11"]
[EventCountry "NET"]
[SourceTitle "CB13_2024"]
[SourceDate "2024.03.27"]
[SourceVersion "1"]
[SourceVersionDate "2024.03.27"]
[SourceQuality "1"]

1. d4 Nf6 2. c4 g6 3. Nc3 Bg7 4. e4 d6 5. Nf3 0-0 6. Be2 Na6 7. 0-0 e5 8. d5 Nc5 9. Nd2 a5 10. b3 Ne8 11. a3 f5 12. f3 Nf6 13. Bb2 Bh6 14. b4 Bxd2 15. Qxd2 Nb3 16. Qe3 Nxa1 17. Bxa1 axb4 18. axb4 fxe4 19. Nxe4 Nxe4 20. Qxe4 Bf5 21. Qe3 Qb8 22. c5 Qa7 23. f4 Bd7 24. Bc3 Rae8 25. fxe5 Rxf1+ 26. Bxf1 dxe5 27. Bxe5 Qa1 28. Bxa1 Rxe3 29. Kf2 Ra3 30. Be5 c6 31. Bc4 Kf8 32. h3 cxd5 33. Bxd5 Bc6 34. Bc4 Ra4 35. Bc3 Ra3 36. Bd2 Ra1 37. b5 Bd7 38. Bb4 Ke8 39. Bd2 Rb1 40. b6 Bc6 41. g4 Rh1 42. Kg3 Rg1+ 43. Kf4 Rh1 44. Kg3 Rd1 45. Be3 Re1 46. Bf2 Kf8 47. Bxe1 1-0

[Event "Swiss Queens Wed #8"]
[Site "FIDE Online Arena INT"]
[Date "2024.03.20"]
[Round "10"]
[White "Michelle, Catherina P"]
[Black "Savitha Shri, B."]
[Result "1-0"]
[WhiteElo "2164"]
[BlackElo "2363"]
[PlyCount "47"]
[EventDate "2024.03.20"]
[EventType "swiss (blitz)"]
[EventRounds "11"]
[EventCountry "NET"]
[SourceTitle "CB13_2024"]
[SourceDate "2024.03.27"]
[SourceVersion "1"]
[SourceVersionDate "2024.03.27"]
[SourceQuality "1"]

1. d4 Nf6 2. Nc3 g6 3. e4 d6 4. Be3 Ng4 5. Bg5 h6 6. Bh4 Bg7 7. Qd2 a6 8. h3 Nf6 9. f4 b5 10. Bd3 b4 11. Nce2 c5 12. e5 Nd5 13. 0-0-0 cxd4 14. Be4 dxe5 15. fxe5 Nc6 16. Nf3 Bf5 17. Bxf5 gxf5 18. Nexd4 Nxd4 19. Qxd4 Nb6 20. Qc5 Nd7 21. Qd5 Rc8 22. e6 fxe6 23. Qxe6 Qc7 24. Qxe7# 1-0

[Event "Swiss Queens Wed #8"]
[Site "FIDE Online Arena INT"]
[Date "2024.03.20"]
[Round "7"]
[White "Savitha Shri, B."]
[Black "Vidruska, Renate"]
[Result "1/2-1/2"]
[WhiteElo "2363"]
[BlackElo "1978"]
[PlyCount "125"]
[EventDate "2024.03.20"]
[EventType "swiss (blitz)"]
[EventRounds "11"]
[EventCountry "NET"]
[SourceTitle "CB13_2024"]
[SourceDate "2024.03.27"]
[SourceVersion "1"]
[SourceVersionDate "2024.03.27"]
[SourceQuality "1"]

1. e4 e5 2. Nf3 Nf6 3. Nc3 Nc6 4. Bb5 Nd4 5. d3 c6 6. Ba4 Nxf3+ 7. Qxf3 d6 8. Bg5 Be7 9. h3 Qc7 10. g4 Be6 11. Bb3 h6 12. Bxf6 Bxf6 13. Bxe6 fxe6 14. 0-0-0 0-0-0 15. h4 Rhf8 16. Qg3 d5 17. Kb1 g5 18. h5 d4 19. Ne2 c5 20. c3 Kb8 21. cxd4 exd4 22. Qxc7+ Kxc7 23. f4 e5 24. f5 b5 25. Rc1 Kb6 26. b3 Rc8 27. Rc2 a5 28. Rhc1 Rc6 29. Ng1 Rfc8 30. Nf3 R6c7 31. Kb2 Rc6 32. Nd2 R6c7 33. a4 c4 34. bxc4 bxa4 35. Ka3 Be7+ 36. Kxa4 Bb4 37. Nb3 Re7 38. f6 Rf7 39. Rf1 Rc6 40. Rcf2 Re6 41. Rf5 Bc3 42. Nc1 Bd2 43. Ne2 Bf4 44. Nxf4 gxf4 45. g5 hxg5 46. Rxg5 Rfxf6 47. Rf3 Kc5 48. h6 Rxh6 49. Rxf4 Rh1 50. Rff5 Ra1+ 51. Kb3 Kd6 52. Kb2 Rd1 53. c5+ Kxc5 54. Kc2 Rh1 55. Kb3 Kd6 56. Kc4 Rc1+ 57. Kb5 Rc3 58. Rf3 Rc5+ 59. Ka4 Kc6 60. Rff5 Kd6 61. Rf3 Kc6 62. Rff5 Kd6 63. Rf3 1/2-1/2

[Event "Swiss Queens Wed #7"]
[Site "FIDE Online Arena INT"]
[Date "2024.03.13"]
[Round "2"]
[White "Dudipalli, Hamsini"]
[Black "Savitha Shri, B."]
[Result "0-1"]
[WhiteElo "1443"]
[BlackElo "2363"]
[PlyCount "106"]
[EventDate "2024.03.13"]
[EventType "swiss (blitz)"]
[EventRounds "11"]
[EventCountry "NET"]
[SourceTitle "CB12_2024"]
[SourceDate "2023.10.01"]
[SourceVersion "1"]
[SourceVersionDate "2023.10.01"]
[SourceQuality "1"]

1. e4 c5 2. Nf3 e6 3. d4 cxd4 4. Nxd4 a6 5. Nc3 Qc7 6. Be3 b5 7. a3 Bb7 8. Be2 Nf6 9. Bf3 b4 10. axb4 Bxb4 11. Qd2 Bxe4 12. 0-0 Bxf3 13. Nxf3 Nc6 14. Bg5 Ne4 15. Qd3 Nxg5 16. Nxg5 h6 17. Nge4 d5 18. Ng3 0-0 19. Rxa6 Rxa6 20. Qxa6 Bxc3 21. bxc3 Ne5 22. Qa3 Rc8 23. f4 Ng4 24. Rf3 Qb6+ 25. Kh1 Nf2+ 26. Rxf2 Qxf2 27. h3 Qxg3 28. Qe7 Qxc3 29. Qd6 Ra8 30. Kh2 Qc4 31. Qe5 Ra4 32. c3 Qxf4+ 33. Qxf4 Rxf4 34. Kg3 Rc4 35. Kf3 Rxc3+ 36. Ke2 Rc4 37. Kd3 Re4 38. g4 Kf8 39. Kd2 Ke7 40. Kd3 Kf6 41. Kd2 Kg5 42. Kd3 Kh4 43. Kd2 Kxh3 44. g5 Kg4 45. Kd3 h5 46. g6 fxg6 47. Kd2 h4 48. Kd3 h3 49. Kd2 h2 50. Kd3 h1Q 51. Kc3 Qf3+ 52. Kd2 Re2+ 53. Kd1 Qf1# 0-1

[Event "Swiss Queens Wed #7"]
[Site "FIDE Online Arena INT"]
[Date "2024.03.13"]
[Round "11"]
[White "Mikhaylova, Irina"]
[Black "Savitha Shri, B."]
[Result "0-1"]
[WhiteElo "2169"]
[BlackElo "2363"]
[PlyCount "128"]
[EventDate "2024.03.13"]
[EventType "swiss (blitz)"]
[EventRounds "11"]
[EventCountry "NET"]
[SourceTitle "CB12_2024"]
[SourceDate "2023.10.01"]
[SourceVersion "1"]
[SourceVersionDate "2023.10.01"]
[SourceQuality "1"]

1. d4 c5 2. Nf3 cxd4 3. Nxd4 Nc6 4. c4 Nf6 5. Nc3 g6 6. e4 d6 7. Be2 Bg7 8. Be3 0-0 9. 0-0 a6 10. Rc1 Be6 11. f3 Ne5 12. b3 Rc8 13. Qd2 Nc6 14. Rfd1 Nd7 15. Nd5 Bxd5 16. cxd5 Nxd4 17. Bxd4 Bxd4+ 18. Qxd4 Qb6 19. Qxb6 Nxb6 20. Kf2 f5 21. Ke3 Nd7 22. f4 fxe4 23. Kxe4 Rc5 24. Rxc5 Nxc5+ 25. Ke3 a5 26. Bg4 Kg7 27. g3 h5 28. Bh3 Na6 29. a3 Nc5 30. b4 axb4 31. axb4 Na6 32. b5 Nc5 33. Ra1 Kf6 34. Ra7 h4 35. Kd4 hxg3 36. hxg3 Rh8 37. Be6 g5 38. fxg5+ Kxg5 39. Ra1 Rf8 40. Ra7 Kf6 41. g4 Kg5 42. Bf5 Rh8 43. Be6 Rh4 44. Bc8 Kf6 45. Bf5 Rh1 46. Bc8 b6 47. Bf5 Rd1+ 48. Kc4 Rc1+ 49. Kd4 Nb3+ 50. Kd3 Rc5 51. Ra8 Nc1+ 52. Kd2 Nb3+ 53. Kd3 Ke5 54. Re8 Rxd5+ 55. Kc3 Na5 56. Rxe7+ Kf4 57. Re1 Rxb5 58. Rf1+ Kg5 59. Rd1 Rc5+ 60. Kb4 d5 61. Be6 d4 62. Rxd4 Nc6+ 63. Kb3 Nxd4+ 64. Kb4 Nxe6 0-1

[Event "Wch Rapid (Women)"]
[Site "Samarkand"]
[Date "2023.12.27"]
[Round "5"]
[White "Savitha Shri, B."]
[Black "Aktamova, Zilola"]
[Result "1-0"]
[WhiteElo "2358"]
[BlackElo "1749"]
[PlyCount "51"]
[EventDate "2023.12.26"]
[EventType "swiss (rapid)"]
[EventRounds "11"]
[EventCountry "UZB"]
[SourceTitle "CB01_2024"]
[SourceDate "2024.01.03"]
[SourceVersion "1"]
[SourceVersionDate "2024.01.03"]
[SourceQuality "1"]

1. e4 c5 2. Nf3 d6 3. d4 cxd4 4. Nxd4 Nf6 5. Nc3 a6 6. h3 Nc6 7. Be3 Bd7 8. g4 h6 9. Qd2 e6 10. 0-0-0 Be7 11. f3 Rc8 12. h4 b5 13. Rg1 b4 14. Nce2 a5 15. g5 hxg5 16. hxg5 Nh5 17. g6 f6 18. Rh1 f5 19. Nxc6 Rxc6 20. Nf4 Bh4 21. exf5 e5 22. Nxh5 Rxh5 23. Bb5 Rc7 24. Qxd6 Rxf5 25. Rxh4 Qxh4 26. Bxd7+ 1-0

[Event "Wch Rapid (Women)"]
[Site "Samarkand"]
[Date "2023.12.26"]
[Round "2"]
[White "Lagno, Kateryna"]
[Black "Savitha Shri, B."]
[Result "1-0"]
[WhiteElo "2542"]
[BlackElo "2358"]
[PlyCount "51"]
[EventDate "2023.12.26"]
[EventType "swiss (rapid)"]
[EventRounds "11"]
[EventCountry "UZB"]
[SourceTitle "CB01_2024"]
[SourceDate "2024.01.03"]
[SourceVersion "1"]
[SourceVersionDate "2024.01.03"]
[SourceQuality "1"]

1. e4 c5 2. Nf3 e6 3. d4 cxd4 4. Nxd4 Nc6 5. Nc3 Qb6 6. Ndb5 Bc5 7. Qd2 Qd8 8. Qf4 e5 9. Qg3 Nf6 10. Qxg7 Rg8 11. Nc7+ Qxc7 12. Qxf6 Be7 13. Qh6 Nb4 14. Qxh7 Rg6 15. Bd3 Nxd3+ 16. cxd3 Rxg2 17. Qh8+ Bf8 18. Bh6 Qc5 19. d4 exd4 20. Nd5 d3 21. Nf6+ Kd8 22. Qxf8+ Qxf8 23. Bxf8 d2+ 24. Ke2 Rg6 25. e5 Rg5 26. Bd6 1-0

[Event "Wch Rapid (Women)"]
[Site "Samarkand"]
[Date "2023.12.26"]
[Round "4"]
[White "Lesbekova, Asel"]
[Black "Savitha Shri, B."]
[Result "0-1"]
[WhiteElo "1805"]
[BlackElo "2358"]
[PlyCount "160"]
[EventDate "2023.12.26"]
[EventType "swiss (rapid)"]
[EventRounds "11"]
[EventCountry "UZB"]
[SourceTitle "CB01_2024"]
[SourceDate "2024.01.03"]
[SourceVersion "1"]
[SourceVersionDate "2024.01.03"]
[SourceQuality "1"]

1. e4 c5 2. Nf3 e6 3. g3 Nc6 4. Bg2 Nf6 5. Qe2 d5 6. exd5 Nxd5 7. Nc3 Be7 8. 0-0 0-0 9. Rd1 Ndb4 10. d3 Nd4 11. Nxd4 cxd4 12. Nb1 Nd5 13. c4 dxc3 14. bxc3 Bf6 15. Bb2 Qb6 16. d4 Bd7 17. Na3 Rac8 18. c4 Ne7 19. Rab1 Ba4 20. Rd3 Qa6 21. Ba1 Rc7 22. d5 exd5 23. cxd5 Bxa1 24. d6 Rc3 25. dxe7 Re8 26. Bf1 Rxd3 27. Qxd3 Qf6 28. Bg2 Bd4 29. Qf3 Qxf3 30. Bxf3 Bc5 31. Nb5 Bxb5 32. Rxb5 b6 33. Rb2 Rxe7 34. Re2 Rc7 35. Re8+ Bf8 36. Bd5 g6 37. Bb3 Kg7 38. Ra8 a5 39. Kg2 Bc5 40. Rb8 Rd7 41. f3 h5 42. h4 Rd2+ 43. Kh3 Rd3 44. Kg2 Rd7 45. Ba4 Rd2+ 46. Kh3 Rxa2 47. Bb3 Ra3 48. Bd5 Rd3 49. Be4 Rd2 50. Rb7 a4 51. Bc6 Bg1 52. g4 hxg4+ 53. fxg4 a3 54. Be8 Rf2 55. Bc6 Rf6 56. Bd5 Bc5 57. h5 gxh5 58. gxh5 Rf5 59. Bc4 Bd4 60. h6+ Kxh6 61. Rxf7 Rc5 62. Be6 Kg5 63. Ra7 Rc3+ 64. Kg2 Kf4 65. Rh7 Ke3 66. Rh3+ Kd2 67. Rh4 Bc5 68. Ra4 Kc2 69. Kf1 Kb2 70. Bg8 Rg3 71. Bd5 Rg5 72. Be6 b5 73. Re4 Rg1+ 74. Ke2 a2 75. Bxa2 Kxa2 76. Re5 Rc1 77. Kd2 Rc4 78. Kd3 Kb3 79. Re8 Rd4+ 80. Ke2 b4 0-1

[Event "Wch Rapid (Women)"]
[Site "Samarkand"]
[Date "2023.12.26"]
[Round "3"]
[White "Savitha Shri, B."]
[Black "Rakshitta, Ravi"]
[Result "0-1"]
[WhiteElo "2358"]
[BlackElo "2245"]
[PlyCount "36"]
[EventDate "2023.12.26"]
[EventType "swiss (rapid)"]
[EventRounds "11"]
[EventCountry "UZB"]
[SourceTitle "CB01_2024"]
[SourceDate "2024.01.03"]
[SourceVersion "1"]
[SourceVersionDate "2024.01.03"]
[SourceQuality "1"]

1. e4 e5 2. Nf3 Nc6 3. Bb5 f5 4. Nc3 fxe4 5. Nxe4 Nf6 6. Qe2 d5 7. Ng3 Bd6 8. Nxe5 0-0 9. Nxc6 bxc6 10. Bxc6 Bb7 11. Ba4 Ne4 12. 0-0 Qh4 13. Bb3 Rae8 14. d4 Nxf2 15. Qb5 Qxd4 16. Be3 Qxe3 17. Bxd5+ Bxd5 18. Qxd5+ Kh8 0-1

[Event "Sant Boi de Llobregat op 4th"]
[Site "Sant Boi de Llobregat"]
[Date "2023.12.07"]
[Round "8"]
[White "Raja, Rithvik R"]
[Black "Savitha Shri, B."]
[Result "1-0"]
[WhiteElo "2500"]
[BlackElo "2358"]
[PlyCount "103"]
[EventDate "2023.11.30"]
[EventType "swiss"]
[EventRounds "9"]
[EventCountry "ESP"]
[SourceTitle "CB50_2023"]
[SourceDate "2023.12.13"]
[SourceVersion "1"]
[SourceVersionDate "2023.12.13"]
[SourceQuality "1"]

1. e4 c5 2. Nf3 Nc6 3. Bb5 e6 4. 0-0 Nd4 5. Nxd4 cxd4 6. c3 a6 7. Be2 Bc5 8. d3 Ne7 9. Nd2 Ba7 10. cxd4 d5 11. Nb3 Bd7 12. Nc5 Bc6 13. Be3 Bxc5 14. dxc5 dxe4 15. dxe4 Bxe4 16. Bf4 Nf5 17. f3 Bc6 18. Qxd8+ Rxd8 19. Rfd1 0-0 20. Kf2 f6 21. Bc4 Kf7 22. g4 Ne7 23. Bd6 Rfe8 24. Rd3 Nd5 25. a3 h5 26. h4 Rh8 27. Kg3 Rdg8 28. f4 hxg4 29. f5 Rh5 30. fxe6+ Kxe6 31. Re1+ Kd7 32. Red1 Ke6 33. Re1+ Kd7 34. Red1 Ke6 35. Kxg4 Rgh8 36. Bg3 f5+ 37. Kf3 f4 38. Bxf4 Rf8 39. Kg3 Rhf5 40. Bg5 Re5 41. Rd4 a5 42. b4 axb4 43. axb4 b5 44. cxb6 Ref5 45. b5 Bb7 46. Bxd5+ Bxd5 47. Rxd5 Rxd5 48. Rxd5 Kxd5 49. Bf4 Rf7 50. Bc7 g5 51. hxg5 Rg7 52. Kg4 1-0

[Event "FIDE Grand Swiss (Women)"]
[Site "Douglas"]
[Date "2023.11.01"]
[Round "7"]
[White "Savitha Shri, B."]
[Black "Wagner, Dinara"]
[Result "0-1"]
[WhiteElo "2375"]
[BlackElo "2461"]
[PlyCount "130"]
[EventDate "2023.10.25"]
[EventType "swiss"]
[EventRounds "11"]
[EventCountry "IOM"]
[SourceTitle "Mega2024 Update 01"]
[Source "Chessbase"]
[SourceDate "2023.11.12"]
[SourceVersion "1"]
[SourceVersionDate "2023.11.12"]
[SourceQuality "1"]

1. e4 c5 2. Nf3 Nc6 3. d4 cxd4 4. Nxd4 Nf6 5. Nc3 e5 6. Ndb5 d6 7. Bg5 a6 8. Na3 b5 9. Nd5 Be7 10. Bxf6 Bxf6 11. Nb1 Bg5 12. a4 b4 13. Bc4 0-0 14. 0-0 Be6 15. Qd3 a5 16. c3 Rc8 17. Ba6 bxc3 18. bxc3 Rb8 19. Nd2 Ne7 20. Nf3 Bh6 21. Nxe7+ Qxe7 22. Rfd1 Rfd8 23. Bb5 Rbc8 24. c4 Rc5 25. h3 Qc7 26. Ra2 g6 27. Rc2 f5 28. Nd2 Bxd2 29. Rcxd2 f4 30. Rc1 Kf7 31. Kh2 Ke7 32. g3 Kf8 33. gxf4 exf4 34. Qc3 Kg8 35. Qf6 Re5 36. c5 Rf8 37. cxd6 Qxc1 38. Qxe5 Qxd2 39. Qxe6+ Kg7 40. Kg1 f3 41. Qe5+ Kh6 42. d7 Qg5+ 43. Qg3 Qxg3+ 44. fxg3 f2+ 45. Kf1 Kg7 46. Bc6 g5 47. Bb5 h5 48. Be2 h4 49. gxh4 gxh4 50. Bb5 Kf6 51. Kxf2 Ke7+ 52. Kg2 Rg8+ 53. Kh2 Rg3 54. Bc6 Rc3 55. Bb5 Rc2+ 56. Kg1 Rd2 57. Bc6 Rd6 58. Bb5 Re6 59. Kf2 Rxe4 60. Kf3 Rd4 61. Bc6 Rb4 62. Ke2 Rb3 63. Kf2 Rxh3 64. Kg2 Rc3 65. Bb5 Rb3 0-1

[Event "FIDE Grand Swiss (Women)"]
[Site "Douglas"]
[Date "2023.10.25"]
[Round "1"]
[White "Savitha Shri, B."]
[Black "Efroimski, Marsel"]
[Result "1-0"]
[WhiteElo "2375"]
[BlackElo "2447"]
[PlyCount "59"]
[EventDate "2023.10.25"]
[EventType "swiss"]
[EventRounds "11"]
[EventCountry "IOM"]
[SourceTitle "Mega2024 Update 01"]
[Source "Chessbase"]
[SourceDate "2023.11.12"]
[SourceVersion "1"]
[SourceVersionDate "2023.11.12"]
[SourceQuality "1"]

1. e4 c5 2. Nf3 Nc6 3. d4 cxd4 4. Nxd4 g6 5. Nc3 Bg7 6. Be3 Nf6 7. Bc4 0-0 8. f3 Qb6 9. Rb1 Qc5 10. Be2 Ng4 11. fxg4 Bxd4 12. Bxd4 Nxd4 13. Qd3 a5 14. Rd1 e5 15. Rd2 d6 16. Nd5 Be6 17. c3 Nxe2 18. Qxe2 f5 19. gxf5 gxf5 20. Qe3 Qxe3+ 21. Nxe3 fxe4 22. Rxd6 Bxa2 23. Ke2 a4 24. Rb6 Bb3 25. Rb4 Rf4 26. g3 Rf3 27. Rxe4 Raf8 28. Ke1 Rf2 29. Rf1 Rxb2 30. Rg4+ 1-0

[Event "Qatar Masters op"]
[Site "Doha"]
[Date "2023.10.11"]
[Round "1"]
[White "Savitha Shri, B."]
[Black "Rasulov, Vugar Ural Oglu"]
[Result "0-1"]
[WhiteElo "2375"]
[BlackElo "2560"]
[PlyCount "176"]
[EventDate "2023.10.11"]
[EventType "swiss"]
[EventRounds "9"]
[EventCountry "QAT"]
[SourceTitle "Mega2024 Update 01"]
[Source "Chessbase"]
[SourceDate "2023.11.12"]
[SourceVersion "1"]
[SourceVersionDate "2023.11.12"]
[SourceQuality "1"]

1. e4 c5 2. Nf3 Nc6 3. d4 cxd4 4. Nxd4 Qb6 5. Nb3 Nf6 6. Nc3 e6 7. Be3 Qc7 8. a3 a6 9. Be2 b5 10. 0-0 Be7 11. f4 d6 12. Bf3 Bb7 13. Qe1 0-0 14. Qg3 Rac8 15. Kh1 Rfe8 16. e5 dxe5 17. fxe5 Nd7 18. Bf4 Kh8 19. Rae1 b4 20. axb4 Nxb4 21. Re2 Bxf3 22. Rxf3 Nc5 23. Nxc5 Bxc5 24. Be3 Bxe3 25. Rfxe3 Red8 26. h3 Nc6 27. Qf4 f6 28. Qa4 Nxe5 29. Qxa6 Rd6 30. Qa2 h6 31. Re1 Qb7 32. R3e2 Ra6 33. Qb1 Rb6 34. Nd1 Ng6 35. Rf2 e5 36. Kh2 Nf4 37. b3 Rd6 38. Ne3 Rcd8 39. Qc1 Qa7 40. Ref1 Qd7 41. Nc4 Rd4 42. Qe3 Qc6 43. Qf3 Qc5 44. Ra1 Ne6 45. Rff1 Qc7 46. Kh1 Ng5 47. Qe3 Qc6 48. Kh2 Re4 49. Qf2 Red4 50. Qe2 Ne6 51. Ra7 Nf4 52. Qg4 Rg8 53. Qf3 Qxf3 54. Rxf3 Rd1 55. Rg3 Ne2 56. Rg6 Nd4 57. c3 Nf5 58. Rg4 Rc1 59. Rf7 Kh7 60. b4 Rxc3 61. b5 h5 62. Re4 Rb8 63. Nxe5 Nd6 64. Nd7 Rxb5 65. Nxf6+ Kg6 66. Rd7 Nxe4 67. Nxe4 Rc6 68. Rd2 Re5 69. Nf2 Kh6 70. Rb2 Rd6 71. Nh1 g6 72. Nf2 Re1 73. Ra2 Rd4 74. Rb2 Ra1 75. Re2 Rb4 76. Kg3 Rba4 77. Re7 R1a2 78. Rf7 Ra7 79. Rf4 Kg7 80. h4 R2a3+ 81. Kh2 Rf7 82. Rxf7+ Kxf7 83. g3 Ke6 84. Kg2 Ke5 85. Nh3 Ke4 86. Nf4 Ra6 87. Kh3 Kf3 88. Kh2 Kg4 0-1

[Event "Asian Games tt (Women)"]
[Site "Hangzhou"]
[Date "2023.09.29"]
[Round "1.8"]
[White "Savitha Shri, B."]
[Black "Galas, Bernadette"]
[Result "1-0"]
[WhiteElo "2375"]
[BlackElo "2045"]
[PlyCount "81"]
[EventDate "2023.09.29"]
[EventType "team-tourn"]
[EventRounds "9"]
[EventCountry "CHN"]
[SourceTitle "EXT 2024"]
[Source "ChessBase"]
[SourceDate "2023.10.10"]
[SourceVersion "1"]
[SourceVersionDate "2023.10.10"]
[SourceQuality "1"]
[WhiteTeam "India (W)"]
[BlackTeam "Philippines (W)"]
[WhiteTeamCountry "IND"]
[BlackTeamCountry "PHI"]

1. e4 e5 2. Nf3 Nc6 3. Bb5 a6 4. Ba4 Nf6 5. 0-0 Be7 6. d3 b5 7. Bb3 0-0 8. a4 Rb8 9. Nc3 d6 10. axb5 axb5 11. h3 Nd4 12. Nxd4 exd4 13. Nd5 Nxd5 14. Bxd5 Bb7 15. Bxb7 Rxb7 16. Qg4 Qc8 17. Qg3 Qe6 18. Bf4 b4 19. b3 Rb5 20. Ra4 Rc5 21. Rxb4 Rxc2 22. Rxd4 Qxb3 23. e5 d5 24. Bh6 g6 25. Bxf8 Bxf8 26. Qf3 c6 27. Rf4 Qb7 28. e6 f5 29. Re1 Bd6 30. Qd1 Rb2 31. Qa1 Kf8 32. Ra4 Qb6 33. d4 Be7 34. Qc1 Kg7 35. g3 Rb3 36. Kg2 Rd3 37. Qf4 Qb7 38. Rea1 Qb2 39. R1a2 Qb1 40. Ra7 Kf6 41. Qh4+ 1-0